000 00568cam a2200145 4500500
005 20251012032641.0
041 _afre
042 _adc
100 1 0 _aLévi, Florence
_eauthor
245 0 0 _aAntoine Berman, L’âge de la traduction. « La tâche du traducteur » de Walter Benjamin, un commentaire, Saint-Denis, puv, « Intempestives », 2008, 190 pages.
260 _c2009.
500 _a56
786 0 _nSigila | 24 | 2 | 2009-12-20 | p. 181-182 | 1286-1715
856 4 1 _uhttps://shs.cairn.info/revue-sigila-2009-2-page-181?lang=fr&redirect-ssocas=7080
999 _c1547973
_d1547973